[Event "Florianopolis op 8th"]
[Site "Florianopolis"]
[Date "2022.01.25"]
[Round "3"]
[White "Cesarini da Silva, Leonardo"]
[Black "Terao, Juliana Sayumi"]
[Result "1-0"]
[WhiteElo "2011"]
[BlackElo "2257"]
[PlyCount "69"]
[EventDate "2022.01.24"]
[EventType "swiss"]
[EventRounds "10"]
[EventCountry "BRA"]
[SourceTitle "CBM 206 Extra"]
[Source "ChessBase"]
[SourceDate "2022.03.31"]
[SourceVersion "1"]
[SourceVersionDate "2022.03.31"]
[SourceQuality "1"]

1. d4 d5 2. c4 e6 3. Nc3 Nf6 4. cxd5 exd5 5. Bg5 Be7 6. e3 c6 7. Bd3 Nbd7 8. Qc2 0-0 9. Nge2 Re8 10. 0-0 Nf8 11. Rab1 a5 12. f3 g6 13. Rbe1 Ne6 14. Bh4 b5 15. Bf2 Bb7 16. h3 Rc8 17. e4 b4 18. Na4 c5 19. dxc5 Nd7 20. exd5 Nexc5 21. Bb5 Bxd5 22. Nf4 Bxa2 23. Nxc5 Rxc5 24. Bxc5 Bxc5+ 25. Kh1 Be3 26. Nd3 b3 27. Qc3 Re7 28. Nc1 Bxc1 29. Qxc1 Nf6 30. Qg5 Kg7 31. Qc5 Rc7 32. Qe5 Qc8 33. Ba6 Qd7 34. Rd1 Qc6 35. Rd6 1-0

[Event "Sao Sebastiao do Paraiso Ferias CXSSP I"]
[Site "Sao Sebastiao do Paraiso"]
[Date "2016.07.22"]
[Round "1.6"]
[White "Cesarini da Silva, Leonardo"]
[Black "Oliveira, Arthur Marquez"]
[Result "1-0"]
[WhiteElo "1989"]
[BlackElo "1800"]
[PlyCount "41"]
[EventDate "2016.07.22"]
[EventType "swiss"]
[EventRounds "6"]
[EventCountry "BRA"]
[SourceTitle "EXT 2022"]
[Source "ChessBase"]
[SourceDate "2021.10.06"]
[SourceVersion "1"]
[SourceVersionDate "2021.10.06"]
[SourceQuality "1"]

1. d4 Nf6 2. c4 g6 3. Nc3 Bg7 4. e4 Nc6 5. d5 Ne5 6. f4 Neg4 7. e5 d6 8. exf6 Bxf6 9. Be2 h5 10. Nf3 0-0 11. 0-0 c6 12. Kh1 Qb6 13. Qe1 e6 14. h3 Nh6 15. Ne4 Be7 16. dxe6 Bxe6 17. Neg5 Bd7 18. Bd3 Rfe8 19. Qf2 Qc7 20. Qc2 Kg7 21. Nh4 1-0

[Event "Batatais op 3rd"]
[Site "Batatais"]
[Date "2013.12.20"]
[Round "2"]
[White "Pereira, Juliano Resende M"]
[Black "Cesarini da Silva, Leonardo"]
[Result "1-0"]
[WhiteElo "2236"]
[BlackElo "2008"]
[PlyCount "132"]
[EventDate "2013.12.20"]
[EventType "swiss"]
[EventRounds "6"]
[EventCountry "BRA"]
[SourceTitle "CBM 158 Extra"]
[Source "ChessBase"]
[SourceDate "2014.02.28"]
[SourceVersion "1"]
[SourceVersionDate "2014.02.28"]
[SourceQuality "1"]

1. c4 e5 2. g3 Nf6 3. Bg2 Bc5 4. Nc3 0-0 5. e3 c6 6. Nge2 d6 7. 0-0 Re8 8. d4 exd4 9. exd4 Bb6 10. h3 Bf5 11. g4 Bg6 12. Nf4 Ne4 13. Nxg6 Nxc3 14. bxc3 hxg6 15. Rb1 Na6 16. Bf4 Nc7 17. c5 dxc5 18. dxc5 Ne6 19. Be3 Bxc5 20. Rxb7 Qxd1 21. Rxd1 Bxe3 22. fxe3 Nc5 23. Rc7 Rac8 24. Rxa7 Rxe3 25. Rf1 f6 26. Rf3 Re1+ 27. Rf1 Re3 28. c4 Nd3 29. Ra3 Rce8 30. Kh2 Nb4 31. Rxe3 Rxe3 32. Rf3 Re2 33. a3 Nc2 34. Kg3 Ne1 35. Bf1 Ra2 36. Rc3 Nc2 37. Bg2 c5 38. Kf4 Nxa3 39. Be4 Kh7 40. h4 Kh6 41. g5+ Kh7 42. h5 f5 43. hxg6+ Kxg6 44. Bxf5+ Kf7 45. Be4 Ke6 46. Bd5+ Kd6 47. Rb3 Rf2+ 48. Kg3 Ra2 49. Kf4 Rf2+ 50. Kg3 Ra2 51. Re3 Nc2 52. Re6+ Kd7 53. Rg6 Ne3 54. Rxg7+ Kd6 55. Rg6+ Ke5 56. Re6+ Kd4 57. Re4+ Kd3 58. Rxe3+ Kxe3 59. g6 Ra7 60. Kg4 Ra1 61. Kf5 Rf1+ 62. Ke6 Rg1 63. Kf6 Rf1+ 64. Kg5 Rg1+ 65. Kh6 Kd4 66. g7 Rg3 1-0

[Event "Cordeiropolis op 3rd"]
[Site "Cordeiropolis"]
[Date "2013.08.30"]
[Round "2"]
[White "Cesarini da Silva, Leonardo"]
[Black "Henrique, Roberto de Paula"]
[Result "1-0"]
[WhiteElo "2008"]
[BlackElo "1807"]
[PlyCount "63"]
[EventDate "2013.08.30"]
[EventType "swiss"]
[EventRounds "6"]
[EventCountry "BRA"]
[SourceTitle "CBM 156 Extra"]
[Source "ChessBase"]
[SourceDate "2013.10.22"]
[SourceVersion "1"]
[SourceVersionDate "2013.10.22"]
[SourceQuality "1"]

1. d4 d5 2. c4 e6 3. Nc3 Nf6 4. Bg5 Be7 5. e3 a6 6. Nf3 Nbd7 7. a4 b6 8. cxd5 exd5 9. Bd3 h6 10. Bh4 0-0 11. 0-0 Bb7 12. Rc1 c5 13. Bb1 c4 14. Qc2 Rc8 15. Qf5 g6 16. Qh3 Kg7 17. Bg3 Ne4 18. Nxe4 dxe4 19. Nd2 f5 20. Nxc4 Bd5 21. Ne5 Bb3 22. Bxe4 Be6 23. Bb7 Rxc1 24. Rxc1 Nxe5 25. Bxe5+ Bf6 26. Rc7+ Rf7 27. Rxf7+ Bxf7 28. Qg3 Qd7 29. Bxf6+ Kxf6 30. Qe5+ Kg5 31. h4+ Kh5 32. Bf3+ 1-0

[Event "Cordeiropolis op 3rd"]
[Site "Cordeiropolis"]
[Date "2013.08.30"]
[Round "1"]
[White "Montufar Berrios, Eymi Priscila"]
[Black "Cesarini da Silva, Leonardo"]
[Result "0-1"]
[WhiteElo "1483"]
[BlackElo "2008"]
[PlyCount "128"]
[EventDate "2013.08.30"]
[EventType "swiss"]
[EventRounds "6"]
[EventCountry "BRA"]
[SourceTitle "CBM 156 Extra"]
[Source "ChessBase"]
[SourceDate "2013.10.22"]
[SourceVersion "1"]
[SourceVersionDate "2013.10.22"]
[SourceQuality "1"]

1. e4 c5 2. Nf3 d6 3. d4 cxd4 4. Nxd4 Nf6 5. Nc3 a6 6. Bc4 e6 7. Bb3 Nc6 8. Nxc6 bxc6 9. 0-0 Be7 10. Be3 0-0 11. Qd2 Qc7 12. Rad1 d5 13. exd5 cxd5 14. Bf4 Bd6 15. Bxd6 Qxd6 16. Kh1 Bb7 17. f3 Rfd8 18. Qe2 Qf4 19. Qf2 Rac8 20. Ne2 Qg5 21. f4 Qh5 22. Ng3 Qh4 23. Ne2 Qxf2 24. Rxf2 Ng4 25. Rf3 d4 26. Rff1 Ne3 27. Kg1 Bxg2 28. Rfe1 Nxd1 29. Rxd1 Bf3 30. Rd2 Bxe2 31. Rxe2 d3 32. cxd3 Rxd3 33. Kf2 Kf8 34. Kg2 Rc5 35. Bc2 Rd4 36. Kg3 g5 37. fxg5 Rxg5+ 38. Kf3 e5 39. Bxh7 Rf4+ 40. Ke3 f5 41. Rc2 Kg7 42. Rc7+ Kh8 43. h4 Rxh4 44. Bxf5 Rxf5 45. Rc8+ Kg7 46. Rc7+ Rf7 47. Rc6 Rf6 48. Rc7+ Kg6 49. Rc5 Kf5 50. a3 Rh3+ 51. Kd2 Rg6 52. Kc2 Rg2+ 53. Kb1 Rhh2 54. Rc6 Rxb2+ 55. Kc1 Rbg2 56. Kb1 e4 57. Rc5+ Kf4 58. a4 e3 59. Rc4+ Kf3 60. a5 Rg1+ 61. Rc1 Rxc1+ 62. Kxc1 Rd2 63. Kb1 e2 64. Kc1 e1Q# 0-1

[Event "Rio Clao IRT Interior op"]
[Site "Rio Claro"]
[Date "2012.11.04"]
[Round "5"]
[White "Lebredo Zaragoitia, Gerardo"]
[Black "Cesarini da Silva, Leonardo"]
[Result "1-0"]
[WhiteElo "2204"]
[BlackElo "2031"]
[PlyCount "57"]
[EventDate "2012.11.02"]
[EventType "swiss"]
[EventRounds "6"]
[EventCountry "BRA"]
[SourceTitle "CBM 151 Extra"]
[Source "ChessBase"]
[SourceDate "2012.12.18"]
[SourceVersion "1"]
[SourceVersionDate "2012.12.18"]
[SourceQuality "1"]

1. d4 Nf6 2. c4 e6 3. Nf3 b6 4. g3 Bb7 5. Bg2 Bb4+ 6. Bd2 Qe7 7. 0-0 0-0 8. Bg5 h6 9. Bxf6 Qxf6 10. Qc2 Nc6 11. Rd1 d5 12. cxd5 exd5 13. a3 Be7 14. Nc3 Rad8 15. b4 g5 16. e3 Bc8 17. Rdc1 Bg4 18. Nd2 Be6 19. Nb5 a6 20. Nxc7 Nb8 21. Qd3 b5 22. Qb3 Qf5 23. Rc3 Rc8 24. Rac1 Rfd8 25. Qd1 g4 26. f3 Qg6 27. fxg4 Bxg4 28. Qb3 Bd6 29. Nxd5 1-0

[Event "Rio Clao IRT Interior op"]
[Site "Rio Claro"]
[Date "2012.11.02"]
[Round "1"]
[White "Cesarini da Silva, Leonardo"]
[Black "Schucman, Rebeca Lot"]
[Result "1-0"]
[WhiteElo "2031"]
[BlackElo "1620"]
[PlyCount "61"]
[EventDate "2012.11.02"]
[EventType "swiss"]
[EventRounds "6"]
[EventCountry "BRA"]
[SourceTitle "CBM 151 Extra"]
[Source "ChessBase"]
[SourceDate "2012.12.18"]
[SourceVersion "1"]
[SourceVersionDate "2012.12.18"]
[SourceQuality "1"]

1. d4 d5 2. c4 e6 3. Nc3 Nf6 4. Bg5 Be7 5. e3 Nbd7 6. Nf3 h6 7. Bh4 Ne4 8. Bxe7 Qxe7 9. Bd3 Nxc3 10. bxc3 c6 11. 0-0 dxc4 12. Bxc4 e5 13. e4 0-0 14. Qe2 exd4 15. cxd4 Nb6 16. Bb3 Be6 17. Rfe1 Rfe8 18. Rad1 Bxb3 19. axb3 Nd5 20. Qd2 Nf6 21. Qf4 Rad8 22. Re3 Qb4 23. Rc1 c5 24. Rc4 Qb6 25. d5 Re7 26. Nh4 Red7 27. Nf5 Rxd5 28. Ne7+ Kf8 29. Nxd5 Nxd5 30. exd5 Rxd5 31. Rce4 1-0